| 000 | 00729nam a22002057a 4500 | ||
|---|---|---|---|
| 999 |
_c100294 _d100294 |
||
| 005 | 20230724162303.0 | ||
| 010 | _aENG-115257 | ||
| 020 |
_a9879384082390 _c1595.00 |
||
| 035 | _aEN-98789 | ||
| 037 | _bDBAD/PUB | ||
| 082 | _a307.1216095414 | ||
| 245 |
_aUrban development in Howrah: _bsocio-economic perspectives/ _cedited by Mahalaya Chatterjee [and] Anis Mukhopadhyay |
||
| 260 |
_aDelhi _bPrimus Books _c2015 |
||
| 270 |
_aVirat Bhawan, Mukherjee Nagar Commercial Complex _bDellhi _e110009 |
||
| 300 |
_axii,413p : _bill. _c25cm(Hb) |
||
| 500 | _aIncludes bibliographical references and index | ||
| 700 | _aChatterjee, Mahalaya | ||
| 700 | _aMukhopadhyay,Anis | ||
| 942 |
_2ddc _cEN _mURB _h307.1216095414 |
||